000 00700nam a2200289Ia 4500
005 20260324134020.0
008 008 260324s9999 xx 000 0 eng d
020 _a9780203167533
037 _aEBOOK
040 _aCRL
040 _beng
040 _cCRL
041 _2eng
041 _aeng
084 _qCRL
100 _aCynthia Lins Hamlin
_91195251
245 0 _aBeyond Relativism
245 0 _bRaymond Boudon, Cognitive Rationality and Critical Realism
260 _bTaylor and Francis
260 _c2002
365 _a
365 _b230
856 _uhttp://www.taylorfrancis.com/books/9780203167533
942 _cEBOOK
999 _c1794878
_d1794878